<?xml version="1.0" encoding="UTF-8"?>
<record
    xmlns:xsi="http://www.w3.org/2001/XMLSchema-instance"
    xsi:schemaLocation="http://www.loc.gov/MARC21/slim http://www.loc.gov/standards/marcxml/schema/MARC21slim.xsd"
    xmlns="http://www.loc.gov/MARC21/slim">

  <leader>00598nam a22001937a 4500</leader>
  <datafield tag="999" ind1=" " ind2=" ">
    <subfield code="c">172419</subfield>
    <subfield code="d">172419</subfield>
  </datafield>
  <controlfield tag="005">20200205112531.0</controlfield>
  <datafield tag="010" ind1=" " ind2=" ">
    <subfield code="a">A-562207</subfield>
  </datafield>
  <datafield tag="020" ind1=" " ind2=" ">
    <subfield code="c">60.00</subfield>
    <subfield code="a">-</subfield>
  </datafield>
  <datafield tag="035" ind1=" " ind2=" ">
    <subfield code="a">A-562207</subfield>
  </datafield>
  <datafield tag="037" ind1=" " ind2=" ">
    <subfield code="b">DBAD/PUB</subfield>
    <subfield code="a">-</subfield>
  </datafield>
  <datafield tag="082" ind1=" " ind2=" ">
    <subfield code="a">847</subfield>
  </datafield>
  <datafield tag="100" ind1=" " ind2=" ">
    <subfield code="a">&#x632; &#x64A;&#x62F; &#x6CC; &#x632; &#x627; &#x6C1;&#x62F; &#x6C1; </subfield>
  </datafield>
  <datafield tag="245" ind1=" " ind2=" ">
    <subfield code="a">&#x635;&#x62D;&#x631; &#x627; &#x6D3; &#x627; &#x639;&#x638;&#x645; </subfield>
    <subfield code="c">&#x632; &#x64A;&#x62F; &#x6CC; &#x632; &#x627; &#x6C1;&#x62F; &#x6C1; </subfield>
  </datafield>
  <datafield tag="246" ind1=" " ind2=" ">
    <subfield code="b">Sehray Aazam  (Urdu)</subfield>
    <subfield code="a">by Zaidi Zaheda </subfield>
  </datafield>
  <datafield tag="260" ind1=" " ind2=" ">
    <subfield code="a">U.P.</subfield>
    <subfield code="b">Prof. Zahida Zaidi </subfield>
    <subfield code="c">1991 &#x621;</subfield>
  </datafield>
  <datafield tag="270" ind1=" " ind2=" ">
    <subfield code="a">Aabshar,4-H.I.G.Flate,Sir Sayed Nagar,</subfield>
    <subfield code="b">Aligarh</subfield>
    <subfield code="e">202002</subfield>
    <subfield code="k">-</subfield>
    <subfield code="l">-</subfield>
  </datafield>
  <datafield tag="300" ind1=" " ind2=" ">
    <subfield code="a">152 &#x635; </subfield>
    <subfield code="c">22 Cm(Hb)</subfield>
  </datafield>
  <datafield tag="942" ind1=" " ind2=" ">
    <subfield code="2">ddc</subfield>
    <subfield code="c">UR</subfield>
    <subfield code="h">842</subfield>
    <subfield code="m">&#x632; &#x6D2; &#x62F; </subfield>
  </datafield>
  <datafield tag="952" ind1=" " ind2=" ">
    <subfield code="0">0</subfield>
    <subfield code="1">0</subfield>
    <subfield code="4">0</subfield>
    <subfield code="7">0</subfield>
    <subfield code="8">NFIC</subfield>
    <subfield code="a">L</subfield>
    <subfield code="b">L</subfield>
    <subfield code="d">2020-02-05</subfield>
    <subfield code="e">BPPD/Ven.</subfield>
    <subfield code="g">60.00</subfield>
    <subfield code="l">0</subfield>
    <subfield code="o">842 &#x632; &#x6D2; &#x62F;</subfield>
    <subfield code="p">A-562207</subfield>
    <subfield code="r">2020-02-05 00:00:00</subfield>
    <subfield code="t">1</subfield>
    <subfield code="v">60.00</subfield>
    <subfield code="w">2020-02-05</subfield>
    <subfield code="y">UR</subfield>
  </datafield>
</record>
